[Event "Open Ricany 2013"]
[Site "Turnaj A"]
[Date "2013.08.29"]
[Round "7.1"]
[White "Rydl, Jiri"]
[Black "Mejzlik, Ondrej"]
[Result "0-1"]
[WhiteElo "2090"]
[BlackElo "2255"]
[PlyCount "82"]
[EventDate "2013.??.??"]

1. e4 c6 2. d4 d5 3. exd5 cxd5 4. c4 Nf6 5. Nc3 Nc6 6. Bg5 Be6 7. Nf3 g6 8.
Bxf6 exf6 9. c5 Bg7 10. Bb5 O-O 11. Bxc6 bxc6 12. O-O Rb8 13. b3 Re8 14. a3 Bg4
15. b4 f5 16. Qd3 Bxf3 17. gxf3 Qh4 18. Ne2 Re6 19. Rfd1 Rbe8 20. Ra2 Qh3 21.
Kh1 Re3 22. Qxe3 Rxe3 23. Ng1 Qh6 24. fxe3 Qxe3 25. Re2 Qxa3 26. Re8+ Bf8 27.
Rb8 Qc3 28. Rf1 Kg7 29. Rb7 Qxd4 30. Re1 Qb2 31. b5 Qc3 32. Rb1 cxb5 33. R1xb5
a6 34. Rb3 Qxc5 35. Rd7 Qc1 36. Rdb7 a5 37. Rb1 Qc4 38. Rd1 a4 39. Rd7 a3 40.
R7xd5 a2 41. R5d2 Bb4 0-1

[Event "Open Ricany 2013"]
[Site "Turnaj A"]
[Date "2013.08.29"]
[Round "7.2"]
[White "Svatos, Jan"]
[Black "Sharashenidze, Akaki"]
[Result "1/2-1/2"]
[WhiteElo "2287"]
[BlackElo "2347"]
[PlyCount "49"]
[EventDate "2013.??.??"]

1. d4 d5 2. c4 c6 3. Nf3 Nf6 4. e3 Bg4 5. cxd5 Nxd5 6. Nc3 e6 7. e4 Bxf3 8.
gxf3 Nxc3 9. bxc3 Nd7 10. Rb1 Qc7 11. Bd3 h5 12. O-O g5 13. Kh1 g4 14. f4 Bh6
15. e5 Nb6 16. f5 O-O-O 17. Bxh6 Rxh6 18. f6 Rdh8 19. f4 gxf3 20. Qxf3 h4 21.
Rg1 Nd7 22. Be4 Qd8 23. Rg4 Qa5 24. a4 Nb6 25. c4 {Dale necitelne.} 1/2-1/2

[Event "Open Ricany 2013"]
[Site "Turnaj A"]
[Date "2013.08.29"]
[Round "7.3"]
[White "Vykouk, Jan"]
[Black "Haman, Jakub"]
[Result "1/2-1/2"]
[WhiteElo "2034"]
[BlackElo "2170"]
[PlyCount "62"]
[EventDate "2013.??.??"]

1. e4 c5 2. Nf3 d6 3. d4 cxd4 4. Nxd4 Nf6 5. Nc3 g6 6. Be3 Bg7 7. f3 O-O 8. Bc4
Nc6 9. Qd2 Bd7 10. h4 h5 11. O-O-O Rc8 12. Bb3 Ne5 13. Bg5 Rc5 14. Kb1 a5 15.
g4 a4 16. Nxa4 Bxa4 17. Bxa4 hxg4 18. Bxf6 Bxf6 19. fxg4 Nc4 20. Qd3 Qb6 21.
Bb3 Rfc8 22. Rh2 Nxb2 23. Kxb2 Rc4 24. e5 Bxe5 25. Rhd2 Bxd4+ 26. Kc1 Bg7 27.
Rf1 Rxg4 28. Rxf7 Kh8 29. Rdf2 Rg1+ 30. Rf1 Rxf1+ 31. Rxf1 d5 1/2-1/2

[Event "Open Ricany 2013"]
[Site "Turnaj A"]
[Date "2013.08.29"]
[Round "7.4"]
[White "Starek, Stanislav"]
[Black "Cermak. Jan"]
[Result "1-0"]
[WhiteElo "2094"]
[BlackElo "1771"]
[PlyCount "61"]
[EventDate "2013.??.??"]

1. c4 c6 2. e4 d5 3. exd5 cxd5 4. d4 Nf6 5. Nc3 e6 6. Nf3 Bb4 7. Bg5 Qa5 8. Bd2
Nc6 9. Bd3 O-O 10. O-O dxc4 11. Bxc4 a6 12. Bd3 Qh5 13. Bf4 Rd8 14. Ne2 Be7 15.
Bg5 Bd6 16. Ng3 Bxg3 17. fxg3 h6 18. Bxf6 gxf6 19. Qd2 Kg7 20. Be4 Bd7 21. Rac1
f5 22. Bxc6 Bxc6 23. Ne5 Be4 24. Rc7 Rf8 25. h4 Rad8 26. Qf2 Kg8 27. g4 fxg4
28. Nd7 f5 29. Nxf8 Kxf8 30. Qf4 Qxh4 31. Qxe4 1-0

[Event "Open Ricany 2013"]
[Site "Turnaj A"]
[Date "2013.08.29"]
[Round "7.5"]
[White "Moravec Vit"]
[Black "Vokac Marek"]
[Result "*"]
[WhiteElo "2159"]
[BlackElo "2458"]
[PlyCount "110"]
[EventDate "2013.??.??"]

1. c4 g6 2. Nc3 Bg7 3. g3 c5 4. Bg2 Nc6 5. Nf3 d6 6. O-O Nh6 7. Rb1 O-O 8. a3
a5 9. d3 f5 10. Ng5 e6 11. h3 Nf7 12. Nxf7 Rxf7 13. e3 Bd7 14. Nb5 Be8 15. Bd2
Ne5 16. f4 Bxb5 17. cxb5 Nxd3 18. Qc2 c4 19. Qxc4 Nc5 20. b4 axb4 21. Bxb4 Qb6
22. Bxc5 dxc5 23. a4 Re7 24. Rbc1 Rc8 25. Rfd1 Kf7 26. Rd2 Rcc7 27. Rcd1 Qa5
28. Rd6 Qb4 29. Bd5 Qxc4 30. Bxc4 Bc3 31. b6 Rc8 32. Rd8 Rxd8 33. Rxd8 Ba5 34.
Rd6 h6 35. Kf2 Kf6 36. Kf3 g5 37. g4 gxf4 38. exf4 Re8 39. gxf5 Kxf5 40. Bd3+
Kf6 41. f5 Ke5 42. Rxe6+ Rxe6 43. fxe6 Kxe6 44. Be4 Bxb6 45. Bxb7 Ke5 46. Ke3
c4+ 47. Kd2 Kd4 48. Kc2 Ba5 49. Bc8 Kc5 50. Bd7 Kb4 51. Be6 Bc7 52. Bf7 Be5 53.
Be6 Bf6 54. Bf7 c3 55. Be8 Be5 *

[Event "Open Ricany 2013"]
[Site "Turnaj A"]
[Date "2013.08.29"]
[Round "7.6"]
[White "Skalicky, Tomas"]
[Black "Vorisek, Jaroslav"]
[Result "1/2-1/2"]
[WhiteElo "1932"]
[BlackElo "2276"]
[PlyCount "79"]
[EventDate "2013.??.??"]

1. d4 f5 2. g3 Nf6 3. Bg2 d6 4. Nf3 g6 5. O-O Bg7 6. b3 O-O 7. Bb2 c6 8. Nbd2
a5 9. c4 Na6 10. a3 Bd7 11. Qc2 Qc7 12. e4 f4 13. e5 Nh5 14. Rae1 Bf5 15. Qc3
Qd7 16. Re2 Nc7 17. Rfe1 d5 18. e6 Nxe6 19. Ne5 Qd6 20. g4 Nxd4 21. Qxd4 Bxg4
22. f3 Bf5 23. Qb6 Ra6 24. Qf2 e6 25. Bd4 Qc7 26. Ng4 Nf6 27. h3 Raa8 28. Be5
Qd7 29. Bxf4 Nxg4 30. fxg4 Bd3 31. Rxe6 dxc4 32. Qg3 Rae8 33. Rxe8 Rxe8 34.
Rxe8+ Qxe8 35. Nxc4 Bd4+ 36. Kh2 Qe2 37. Ne5 Be4 38. h4 Bxe5 39. Bxe5 Bxg2 40.
Bd6 1/2-1/2

[Event "Open Ricany 2013"]
[Site "Turnaj A"]
[Date "2013.08.29"]
[Round "7.7"]
[White "Gregor, Jiri"]
[Black "Skacel, Jan"]
[Result "1/2-1/2"]
[WhiteElo "2253"]
[BlackElo "2075"]
[PlyCount "26"]
[EventDate "2013.??.??"]

1. d4 Nf6 2. c4 g6 3. Nc3 d5 4. Nf3 Bg7 5. Bg5 Ne4 6. Bf4 Nxc3 7. bxc3 dxc4 8.
Qa4+ Nd7 9. e3 O-O 10. Qxc4 c5 11. Be2 cxd4 12. cxd4 Qa5+ 13. Kf1 e5 1/2-1/2

[Event "Open Ricany 2013"]
[Site "Turnaj A"]
[Date "2013.08.29"]
[Round "7.8"]
[White "Trepka, Jan"]
[Black "Marikova, Jana"]
[Result "1/2-1/2"]
[WhiteElo "2187"]
[BlackElo "2045"]
[PlyCount "93"]
[EventDate "2013.??.??"]

1. f4 Nf6 2. Nf3 g6 3. g3 Bg7 4. Bg2 d5 5. O-O O-O 6. d3 c5 7. Qe1 Nc6 8. e4 e6
9. c3 Qc7 10. Na3 a6 11. Bd2 b5 12. Nc2 Bb7 13. e5 Nd7 14. d4 a5 15. g4 Ne7 16.
Ne3 f6 17. Bh3 fxe5 18. fxe5 Qb6 19. Qh4 Rae8 20. g5 Nf5 21. Bxf5 exf5 22. Qf4
Rf7 23. Kh1 Nf8 24. Ng2 Ne6 25. Qe3 Rc7 26. Rac1 Rec8 27. Nf4 Nxf4 28. Qxf4
cxd4 29. cxd4 Rc4 30. Qe3 b4 31. b3 Rxc1 32. Rxc1 Rxc1+ 33. Bxc1 Bc8 34. Ne1
Qb5 35. Qd3 Ba6 36. Qxb5 Bxb5 37. Kg2 Kf7 38. Kf3 Bf8 39. h4 Be7 40. Bd2 Bd8
41. Ke3 Bf1 42. Kf4 Bb6 43. Be3 Be2 44. Bf2 Bb5 45. Ke3 Bf1 46. Kd2 Ke6 47. Ke3
1/2-1/2

[Event "Open Ricany 2013"]
[Site "Turnaj A"]
[Date "2013.08.29"]
[Round "7.9"]
[White "Lacza, Tibor"]
[Black "Liuba, Volodymyr"]
[Result "0-1"]
[WhiteElo "2011"]
[BlackElo "2196"]
[PlyCount "68"]
[EventDate "2013.??.??"]

1. d4 Nf6 2. c4 e6 3. Nf3 b6 4. a3 Bb7 5. Nc3 d5 6. Bg5 Be7 7. e3 O-O 8. Rc1
Nbd7 9. cxd5 exd5 10. b4 a5 11. Qb3 axb4 12. axb4 Ne4 13. Bxe7 Qxe7 14. Be2
Nxc3 15. Qxc3 Ra2 16. Bd3 Rfa8 17. O-O c6 18. Rb1 Qe8 19. Rb3 b5 20. Re1 Nf6
21. Ne5 Ne4 22. Bxe4 dxe4 23. f4 f6 24. Ng4 Bc8 25. Nf2 Be6 26. Rb2 R8a3 27.
Qd2 Bc4 28. Rc1 Rxb2 29. Qxb2 Rxe3 30. h3 Re2 31. Rc2 Rxc2 32. Qxc2 e3 33. Ne4
e2 34. Kf2 f5 0-1

[Event "Open Ricany 2013"]
[Site "Turnaj A"]
[Date "2013.08.29"]
[Round "7.10"]
[White "Vybiral Zdenek"]
[Black "Janacek Jaroslav"]
[Result "1-0"]
[WhiteElo "2195"]
[BlackElo "2035"]
[PlyCount "100"]
[EventDate "2013.??.??"]

1. d4 d6 2. e4 Nf6 3. f3 c5 4. dxc5 Qa5+ 5. Nd2 Qxc5 6. Nb3 Qb6 7. Bg5 Nbd7 8.
Qd2 e5 9. Ne2 Be7 10. Nc3 a6 11. O-O-O h6 12. Be3 Qc7 13. g4 b6 14. h4 Nc5 15.
Bc4 Be6 16. Bd5 O-O-O 17. Qe2 Qa7 18. Kb1 Nfd7 19. Qc4 Kb8 20. Nxc5 Nxc5 21.
Bxc5 Bxd5 22. Qxd5 bxc5 23. Qxf7 Rd7 24. Qc4 Rc8 25. Nd5 Bd8 26. Rd3 Rb7 27.
Ne3 Rb4 28. Qe6 c4 29. Qxd6+ Ka8 30. Qd5+ Qb7 31. Qxb7+ Rxb7 32. Rd6 Ka7 33. c3
Be7 34. Rd5 Rf8 35. Rf1 Rc8 36. h5 Bh4 37. Rfd1 Bf2 38. Nf5 Rcc7 39. Rxe5 Rb6
40. Re7 Rbc6 41. Rxc7+ Rxc7 42. e5 Bc5 43. e6 Kb7 44. Rd5 Bf8 45. Kc2 Kc6 46.
Rd4 Kc5 47. b3 cxb3+ 48. axb3 Kb6 49. Kd3 a5 50. Rc4 Rb7 1-0

[Event "Open Ricany 2013"]
[Site "Turnaj A"]
[Date "2013.08.29"]
[Round "7.11"]
[White "Mejzlik, Vojtech"]
[Black "Petras, Milan"]
[Result "1-0"]
[WhiteElo "2106"]
[BlackElo "2006"]
[PlyCount "165"]
[EventDate "2013.??.??"]

1. c4 e5 2. Nc3 Nc6 3. g3 Nf6 4. Bg2 Bb4 5. a3 Bxc3 6. bxc3 d6 7. Rb1 O-O 8. d3
Qe7 9. e4 Ne8 10. Ne2 Nd8 11. O-O f5 12. f4 fxe4 13. Bxe4 Bh3 14. Bg2 Bxg2 15.
Kxg2 e4 16. d4 c6 17. d5 cxd5 18. cxd5 Rc8 19. Be3 b6 20. h3 Nf6 21. g4 Qf7 22.
Bg1 Qxd5 23. g5 Qxd1 24. Rbxd1 Nh5 25. Rxd6 g6 26. Rd4 Re8 27. f5 Nc6 28. f6
Re5 29. f7+ Kg7 30. Rd7 Rxg5+ 31. Kh2 Rf5 32. Rxf5 gxf5 33. Nd4 Nf6 34. Nxf5+
Kf8 35. Rb7 Ne5 36. Rxa7 Rxc3 37. Be3 Nfg4+ 38. hxg4 Nxg4+ 39. Kg1 Nxe3 40. Nd6
Rc1+ 41. Kf2 Nd1+ 42. Kg3 Rc3+ 43. Kf4 Rf3+ 44. Kxe4 Rf6 45. Ra8+ Ke7 46. Re8+
Kxd6 47. f8=Q+ Rxf8 48. Rxf8 Kc5 49. Rc8+ Kb5 50. Rc1 Nf2+ 51. Ke3 Ng4+ 52. Kd2
Nf2 53. Rb1+ Ka5 54. Ke3 Ng4+ 55. Kd4 h5 56. Rh1 Nf6 57. Rf1 Nd7 58. Kc3 Nc5
59. Rf4 Na4+ 60. Kb3 Nc5+ 61. Ka2 Nd3 62. Rf5+ Ka4 63. Rxh5 Nc1+ 64. Kb1 Nb3
65. Kb2 Nc5 66. Rd5 Kb5 67. Kc3 Kc6 68. Kc4 b5+ 69. Kd4 Nb3+ 70. Ke5 Na5 71.
Rd3 Kc5 72. Rc3+ Nc4+ 73. Ke4 Kb6 74. Kd5 Ka5 75. Kc5 Ne5 76. Rb3 Nd7+ 77. Kd6
Nb8 78. Rb1 Na6 79. Ra1 Nb8 80. Rh1 Ka4 81. Rh8 Na6 82. Ra8 Ka5 83. Kc6 1-0

[Event "Open Ricany 2013"]
[Site "Turnaj A"]
[Date "2013.08.29"]
[Round "7.12"]
[White "Vavrinec, Tomas"]
[Black "Hrdina, Robin"]
[Result "1/2-1/2"]
[WhiteElo "2015"]
[BlackElo "2077"]
[PlyCount "104"]
[EventDate "2013.??.??"]

1. c4 Nf6 2. Nf3 e6 3. g3 b6 4. Bg2 Bb7 5. Nc3 Bb4 6. Qb3 c5 7. O-O O-O 8. a3
Bxc3 9. Qxc3 Ne4 10. Qc2 f5 11. d3 Nf6 12. e3 Qe8 13. b4 d6 14. Bb2 Nbd7 15.
Qc3 e5 16. Nd2 Bxg2 17. Kxg2 Qh5 18. f3 g5 19. h3 f4 20. Ne4 Nxe4 21. dxe4 fxg3
22. Qe1 Rf7 23. Qxg3 Nf6 24. Rad1 Ne8 25. Rxd6 Nxd6 26. Qxe5 Rd7 27. Qd5+ Kf8
28. Qxa8+ Ne8 29. Rf2 Qg6 30. bxc5 bxc5 31. Qc8 Rc7 32. Qf5+ Qxf5 33. exf5 Rd7
34. e4 Rd3 35. e5 Ng7 36. f4 gxf4 37. Rxf4 Rd2+ 38. Rf2 Rxf2+ 39. Kxf2 Nxf5 40.
Kf3 Kf7 41. Kf4 Ke6 42. a4 Ne7 43. Kg5 Nc6 44. Kf4 Na5 45. Ba3 Nxc4 46. Bxc5
Nxe5 47. Bxa7 Kd5 48. a5 Nd3+ 49. Kg5 Kc6 50. Bb6 Kb5 51. Bd8 h6+ 52. Kxh6 Nf4
1/2-1/2

[Event "Open Ricany 2013"]
[Site "Turnaj A"]
[Date "2013.08.29"]
[Round "7.13"]
[White "Franek, Jan"]
[Black "Schmalz, Michal"]
[Result "1/2-1/2"]
[WhiteElo "1970"]
[BlackElo "2077"]
[PlyCount "105"]
[EventDate "2013.??.??"]

1. e4 c5 2. Nf3 Nc6 3. d4 cxd4 4. Nxd4 g6 5. c4 Nf6 6. Nc3 d6 7. Be2 Nxd4 8.
Qxd4 Bg7 9. Be3 O-O 10. Qd2 a5 11. f3 a4 12. O-O Qa5 13. Rab1 Be6 14. b4 axb3
15. axb3 Qb4 16. g4 Rfe8 17. Bd4 Nd7 18. Bxg7 Kxg7 19. Qd4+ Kg8 20. f4 Qc5 21.
Qxc5 Nxc5 22. f5 Bd7 23. b4 Ra3 24. Rf3 Na4 25. Nd5 Ra2 26. Bd1 Bc6 27. Bb3
Bxd5 28. exd5 Ra3 29. Re3 f6 30. c5 dxc5 31. d6+ Kf8 32. Rbe1 Rxb3 33. dxe7+
Rxe7 34. Rxe7 Rxb4 35. h3 gxf5 36. gxf5 b5 37. Rxh7 Rd4 38. Rb7 Nc3 39. Re6 Ne4
40. Ra6 Ra4 41. Rc6 Ra8 42. Rxb5 Kg7 43. Rb7+ Kh6 44. Re7 Ra1+ 45. Kg2 Ra4 46.
h4 Kh5 47. Rce6 Nd2 48. Rh7+ Kg4 49. Rxf6 Ne4 50. Rf8 Ra2+ 51. Kg1 Ra1+ 52. Kg2
Ra2+ 53. Kg1 1/2-1/2

[Event "Open Ricany 2013"]
[Site "Turnaj A"]
[Date "2013.08.29"]
[Round "7.14"]
[White "Havelka, Jan"]
[Black "Postupa, Martin"]
[Result "0-1"]
[WhiteElo "1774"]
[BlackElo "2054"]
[PlyCount "58"]
[EventDate "2013.??.??"]

1. e4 e5 2. Nf3 Nc6 3. Bc4 Be7 4. O-O Nf6 5. d3 O-O 6. c3 d6 7. Bb3 Na5 8. Bc2
c5 9. Re1 Nc6 10. Nbd2 b5 11. Nf1 Nh5 12. h3 g6 13. d4 exd4 14. cxd4 Nb4 15.
Bb1 Bf6 16. a3 Nc6 17. g4 Ng7 18. d5 Nd4 19. Ng3 Nxf3+ 20. Qxf3 Be5 21. Re2 Qh4
22. Kg2 h5 23. Nf5 gxf5 24. gxf5 Kh7 25. Qe3 Qf6 26. f4 Bd4 27. Qf3 Rg8 28. h4
Qxh4 29. Bd2 Nxf5+ 0-1

[Event "Open Ricany 2013"]
[Site "Turnaj A"]
[Date "2013.08.29"]
[Round "7.15"]
[White "Cap. Adam"]
[Black "Pycha, Patrik"]
[Result "1-0"]
[WhiteElo "2050"]
[BlackElo "1981"]
[PlyCount "43"]
[EventDate "2013.??.??"]

1. d4 d5 2. Nf3 Nf6 3. c4 e6 4. Nc3 Be7 5. Bg5 h6 6. Bh4 O-O 7. e3 b6 8. Qc2
Bb7 9. O-O-O Nbd7 10. Ne5 Nxe5 11. dxe5 Nd7 12. Bxe7 Qxe7 13. f4 dxc4 14. Bxc4
a5 15. Rd4 Rfd8 16. Rhd1 Nc5 17. g3 Rxd4 18. exd4 Na6 19. a3 Nb8 20. Kb1 Bd5
21. Nxd5 exd5 22. Bb3 1-0

[Event "Open Ricany 2013"]
[Site "Turnaj A"]
[Date "2013.08.29"]
[Round "7.16"]
[White "Jandl, Vojtech"]
[Black "Kotzot, Jiri"]
[Result "1/2-1/2"]
[WhiteElo "1824"]
[BlackElo "2194"]
[PlyCount "59"]
[EventDate "2013.??.??"]

1. e4 e5 2. Nf3 Nc6 3. Bc4 Bc5 4. c3 Nf6 5. d3 d6 6. Nbd2 O-O 7. Nf1 Be6 8. Bb5
h6 9. Ng3 Ne7 10. O-O c6 11. Ba4 b5 12. Bc2 Ng6 13. d4 Bb6 14. h3 Qc7 15. Nf5
Bxf5 16. exf5 Nh8 17. Re1 exd4 18. Nxd4 Rfe8 19. Rxe8+ Nxe8 20. Bf4 Bxd4 21.
Qxd4 Qe7 22. Kf1 f6 23. Re1 Qd7 24. Re6 Nf7 25. Bb3 Kf8 26. c4 a6 27. c5 Rd8
28. cxd6 Nexd6 29. Qc5 Qc7 30. a3 1/2-1/2

[Event "Open Ricany 2013"]
[Site "Turnaj A"]
[Date "2013.08.29"]
[Round "7.17"]
[White "Postupa jun., Pavel"]
[Black "Misicko, Jan"]
[Result "1/2-1/2"]
[WhiteElo "2260"]
[BlackElo "2074"]
[PlyCount "107"]
[EventDate "2013.??.??"]

1. e4 c5 2. Nf3 e6 3. d4 cxd4 4. Nxd4 Nf6 5. Nc3 d6 6. Be2 Nc6 7. O-O Be7 8.
Be3 Qc7 9. f4 a6 10. a4 Nxd4 11. Qxd4 e5 12. Qd3 exf4 13. Rxf4 Be6 14. Nd5 Bxd5
15. exd5 Rc8 16. c4 Nd7 17. Bd4 Ne5 18. Qg3 O-O 19. Raf1 Qd8 20. h4 Ng6 21. h5
Ne5 22. Bxe5 dxe5 23. Rg4 Bf6 24. Bd3 e4 25. Bxe4 Bxb2 26. c5 Qc7 27. Qxc7 Rxc7
28. c6 bxc6 29. dxc6 Bd4+ 30. Kh1 Be5 31. Bf3 Rd8 32. Rb4 Kf8 33. Rfb1 Rd4 34.
Rxd4 Bxd4 35. Rb4 Be5 36. Rb8+ Ke7 37. Ra8 Bd4 38. Rh8 h6 39. Ra8 Ra7 40. Rc8
Be5 41. Kg1 Kd6 42. Rd8+ Kc7 43. Rd5 f6 44. Kf2 Bd6 45. Rd3 Ra8 46. Rb3 Rb8 47.
Rxb8 Kxb8 48. Ke3 f5 49. Kd4 Kc7 50. Kd5 a5 51. Ke6 f4 52. Kd5 Bb4 53. Kc4 Be1
54. Kb5 1/2-1/2

[Event "Open Ricany 2013"]
[Site "Turnaj A"]
[Date "2013.08.29"]
[Round "7.18"]
[White "Koper, Stefan"]
[Black "Vanka, Miloslav"]
[Result "0-1"]
[WhiteElo "1992"]
[BlackElo "2173"]
[PlyCount "52"]
[EventDate "2013.??.??"]

1. d4 f5 2. h3 Nf6 3. g4 d5 4. g5 Ne4 5. Bf4 e6 6. h4 c5 7. e3 Qb6 8. Qc1 cxd4
9. Nf3 Nc6 10. exd4 Nxd4 11. Nxd4 Qxd4 12. Be3 Qa4 13. c3 Bd6 14. Nd2 f4 15. b3
fxe3 16. Nc4 exf2+ 17. Kd1 Qc6 18. Nxd6+ Qxd6 19. Kc2 Ng3 20. Rh3 Nxf1 21. Qxf1
O-O 22. Rd1 Qf4 23. Kb2 e5 24. Rhd3 Be6 25. R3d2 Bg4 26. Rc1 Qxd2+ 0-1

[Event "Open Ricany 2013"]
[Site "Turnaj A"]
[Date "2013.08.29"]
[Round "7.19"]
[White "Hadrava Jaroslav"]
[Black "Rut Vojtech"]
[Result "1-0"]
[WhiteElo "1915"]
[BlackElo "2078"]
[PlyCount "25"]
[EventDate "2013.??.??"]

1. e4 c5 2. Nf3 Nc6 3. Bb5 Nf6 4. e5 Nd5 5. c3 Qb6 6. Bc4 Nc7 7. O-O g6 8. Re1
Bg7 9. d4 O-O 10. d5 Na5 11. Bf1 d6 12. b4 cxb4 13. Be3 1-0

[Event "Open Ricany 2013"]
[Site "Turnaj A"]
[Date "2013.08.29"]
[Round "7.20"]
[White "Dungl, Martin"]
[Black "Kolasin, Jan"]
[Result "1-0"]
[WhiteElo "2075"]
[BlackElo "2038"]
[PlyCount "97"]
[EventDate "2013.??.??"]

1. d4 Nf6 2. c4 g6 3. Nc3 Bg7 4. e4 d6 5. Nf3 O-O 6. Be2 e5 7. O-O Nc6 8. d5
Ne7 9. Ne1 Ne8 10. Be3 f5 11. f3 f4 12. Bf2 g5 13. c5 Nf6 14. Rc1 a6 15. cxd6
cxd6 16. Na4 Nd7 17. Qb3 b5 18. Nc3 Rf6 19. a4 bxa4 20. Nxa4 Rb8 21. Qc3 Rh6
22. Qc7 Qe8 23. Kh1 Bf8 24. Nd3 Rb7 25. Qa5 Nf6 26. Nb6 Qh5 27. Bg1 Rxb6 28.
Qxb6 Nxe4 29. fxe4 Qxe2 30. Nf2 f3 31. Rfe1 fxg2+ 32. Kxg2 Bh3+ 33. Kg3 Qh5 34.
Nxh3 Qxh3+ 35. Kf2 Rf6+ 36. Ke2 Rf3 37. Kd2 Rb3 38. Re3 Qg2+ 39. Re2 Qxe2+ 40.
Kxe2 Rxb6 41. Bxb6 Ng6 42. Be3 Nf4+ 43. Bxf4 exf4 44. Rc6 Kf7 45. Rxa6 h5 46.
b4 g4 47. b5 f3+ 48. Kf2 Bg7 49. Ra7+ 1-0

[Event "Open Ricany 2013"]
[Site "Turnaj A"]
[Date "2013.08.29"]
[Round "7.21"]
[White "Kohout, Vratislav"]
[Black "Havlik, Frantisek"]
[Result "1-0"]
[WhiteElo "2112"]
[BlackElo "1986"]
[PlyCount "47"]
[EventDate "2013.??.??"]

1. d4 Nf6 2. Nf3 g6 3. Nc3 Bg7 4. e4 d6 5. Bc4 O-O 6. Qe2 c5 7. e5 Ne8 8. dxc5
Nc7 9. cxd6 exd6 10. Bg5 Qe8 11. exd6 Qxe2+ 12. Nxe2 Ne6 13. Be7 Re8 14. O-O-O
Nc6 15. Bh4 Bd7 16. Rhe1 Rac8 17. Kb1 a6 18. Bg3 b5 19. Bxe6 Rxe6 20. Nf4 Rxe1
21. Nxe1 Kf8 22. Nd5 Bf5 23. Bh4 Nd4 24. Ne7 1-0

[Event "Open Ricany 2013"]
[Site "Turnaj A"]
[Date "2013.08.29"]
[Round "7.22"]
[White "Postupa, Pavel st"]
[Black "Brcak, Marek"]
[Result "1-0"]
[WhiteElo "2017"]
[BlackElo "1902"]
[PlyCount "121"]
[EventDate "2013.??.??"]

1. e4 e5 2. Nf3 Nc6 3. Bb5 a6 4. Ba4 Nf6 5. O-O Be7 6. Re1 b5 7. Bb3 O-O 8. h3
d6 9. c3 Na5 10. Bc2 c5 11. d4 Qc7 12. d5 Re8 13. Nbd2 Bf8 14. Nf1 g6 15. N3h2
Bg7 16. Ng4 h5 17. Ngh2 Nc4 18. a4 Bd7 19. b3 Na5 20. axb5 axb5 21. Be3 Nb7 22.
Qd2 Reb8 23. f3 b4 24. cxb4 cxb4 25. Bd3 Nc5 26. Bc4 Ra5 27. Ra2 Rba8 28. Rea1
Qb6 29. Qf2 Bf8 30. g4 Ra3 31. Kg2 Rxa2 32. Rxa2 Rxa2 33. Qxa2 Bb5 34. Nd2 Bxc4
35. Nxc4 Qa6 36. Qa5 Qxa5 37. Nxa5 hxg4 38. hxg4 Nfd7 39. Nf1 Nd3 40. Nc6 f6
41. Nd2 N7c5 42. Kf1 Kf7 43. Bxc5 dxc5 44. Nc4 Ke8 45. g5 fxg5 46. N6xe5 Nc1
47. Na5 Bg7 48. Nec4 Bd4 49. e5 Nd3 50. e6 Nf4 51. Nb6 c4 52. Nbxc4 Nxd5 53.
Nc6 Ne3+ 54. Nxe3 Bxe3 55. Ke2 Bc5 56. Kd3 Bd6 57. Kc4 Bf8 58. Kd5 Be7 59. Nxe7
Kxe7 60. Ke5 g4 61. fxg4 1-0

[Event "Open Ricany 2013"]
[Site "Turnaj A"]
[Date "2013.08.29"]
[Round "7.23"]
[White "Skala, Jaromir"]
[Black "Konvalinka, Vladislav"]
[Result "1-0"]
[WhiteElo "2011"]
[BlackElo "1886"]
[PlyCount "57"]
[EventDate "2013.??.??"]

1. d4 d5 2. Nf3 c6 3. Bf4 Nf6 4. e3 Bf5 5. Be2 e6 6. O-O Be7 7. c4 Nbd7 8. Nc3
O-O 9. h3 h6 10. c5 a5 11. a3 b5 12. b4 Ne4 13. Nxe4 Bxe4 14. Nd2 Bg6 15. a4 e5
16. Bh2 exd4 17. exd4 Bf6 18. Nb3 axb4 19. axb5 Rxa1 20. Qxa1 Bc2 21. Na5 cxb5
22. Nc6 Qa8 23. Qxa8 Rxa8 24. Nxb4 Ba4 25. Nxd5 b4 26. Nb6 Ra7 27. Nxa4 Rxa4
28. Bg4 Ra7 29. c6 1-0

[Event "Open Ricany 2013"]
[Site "Turnaj A"]
[Date "2013.08.29"]
[Round "7.24"]
[White "Sochor. Martin"]
[Black "Marsalek, Lubos"]
[Result "1/2-1/2"]
[WhiteElo "1885"]
[BlackElo "1997"]
[PlyCount "69"]
[EventDate "2013.??.??"]

1. e4 c5 2. Nf3 Nc6 3. d3 g6 4. g3 Bg7 5. Bg2 Nf6 6. O-O d6 7. Nbd2 O-O 8. a4
Bg4 9. Re1 Rc8 10. c3 Qc7 11. Nc4 Rfe8 12. h3 Be6 13. Ne3 h6 14. Qc2 d5 15. Nf1
dxe4 16. dxe4 Na5 17. Kh2 Bb3 18. Qe2 Bc4 19. Qc2 Rcd8 20. b4 Bd3 21. Qa2 Nc4
22. N3d2 Nxd2 23. Bxd2 c4 24. Rac1 e5 25. a5 b6 26. Be3 b5 27. f3 Re7 28. Qf2
Ne8 29. Bc5 Red7 30. Ne3 Nf6 31. Ng4 h5 32. Nxf6+ Bxf6 33. h4 Ra8 34. Bh3 Rdd8
35. Ra1 1/2-1/2

[Event "Open Ricany 2013"]
[Site "Turnaj A"]
[Date "2013.08.29"]
[Round "7.25"]
[White "Plchot, Miroslav"]
[Black "Pavlicek, Petr"]
[Result "0-1"]
[WhiteElo "1887"]
[BlackElo "1976"]
[PlyCount "98"]
[EventDate "2013.??.??"]

1. b3 Nf6 2. Bb2 d5 3. e3 Bf5 4. f4 e6 5. Nf3 Be7 6. Be2 c5 7. O-O h6 8. Qe1
Bxc2 9. d3 Bxb1 10. Rxb1 O-O 11. Rc1 Nbd7 12. Qg3 Ne8 13. Ne5 Rc8 14. Ng4 Kh7
15. f5 Bf6 16. Nxf6+ Nexf6 17. Rf2 Qe7 18. Ba3 e5 19. Qh4 Qd8 20. Bf3 Re8 21.
e4 d4 22. g4 Ng8 23. Qg3 Rc6 24. h4 g5 25. hxg5 hxg5 26. Rh2+ Kg7 27. Kg2 Qa5
28. Bb2 Qxa2 29. Qf2 Qxb3 30. Qd2 f6 31. Rch1 Nf8 32. Kg3 Re7 33. Rh8 Kf7 34.
Bd1 Qa2 35. Qh2 Ke8 36. Ba4 Qxa4 37. Rxg8 Qb3 38. Qh5+ Rf7 39. Qg6 Qxd3+ 40.
Kf2 Qc2+ 41. Kf3 Qb3+ 42. Kf2 Qxb2+ 43. Kf3 Qc3+ 44. Kf2 Qe3+ 45. Kf1 Qf3+ 46.
Kg1 Qxg4+ 47. Kf1 Qf3+ 48. Kg1 Rb6 49. Rxf8+ Kxf8 0-1

[Event "Open Ricany 2013"]
[Site "Turnaj A"]
[Date "2013.08.29"]
[Round "7.26"]
[White "Berg, Antonin"]
[Black "Kindl, Frantisek"]
[Result "1/2-1/2"]
[WhiteElo "1826"]
[BlackElo "1922"]
[PlyCount "119"]
[EventDate "2013.??.??"]

1. e4 c5 2. Nf3 Nc6 3. d4 cxd4 4. Nxd4 Nf6 5. Nc3 e5 6. Ndb5 d6 7. Bg5 a6 8.
Na3 b5 9. Nd5 Be7 10. Bxf6 Bxf6 11. c3 O-O 12. Nc2 Bg5 13. Be2 Ne7 14. Nce3
Bxe3 15. Nxe3 Be6 16. a4 bxa4 17. Rxa4 a5 18. O-O Rb8 19. Qd2 Qb6 20. b4 axb4
21. cxb4 Ng6 22. Rb1 Nf4 23. b5 Nxe2+ 24. Qxe2 Qc5 25. Qd3 Rb6 26. Nd5 Bxd5 27.
exd5 Rc8 28. g3 g6 29. Ra6 Rcb8 30. Rxb6 Qxb6 31. Qe3 Qxe3 32. fxe3 e4 33. g4
f6 34. Kf2 Kg7 35. Rb4 f5 36. g5 h6 37. h4 hxg5 38. hxg5 Kf8 39. Ke2 Ke8 40.
Kd2 Kd8 41. Kc3 Kc7 42. Rc4+ Kd7 43. Kb4 Ra8 44. Rc6 Rc8 45. Ra6 Rc1 46. Ra7+
Kc8 47. Rg7 Re1 48. Rxg6 Rxe3 49. Rf6 Rf3 50. g6 Rg3 51. Rxf5 Rxg6 52. Rf4 e3
53. Re4 Rg3 54. Ka5 Rg5 55. Rxe3 Rxd5 56. Re7 Rd1 57. b6 d5 58. Kb5 d4 59. Rc7+
Kb8 60. Rd7 1/2-1/2

[Event "Open Ricany 2013"]
[Site "Turnaj A"]
[Date "2013.08.29"]
[Round "7.27"]
[White "Zamorsky, Ladislav"]
[Black "Krejci, Martin"]
[Result "0-1"]
[WhiteElo "1778"]
[BlackElo "2005"]
[PlyCount "76"]
[EventDate "2013.??.??"]

1. d4 Nf6 2. c4 g6 3. Nf3 Bg7 4. g3 O-O 5. Bg2 c6 6. O-O d5 7. cxd5 cxd5 8. Nc3
Ne4 9. Qb3 Nxc3 10. bxc3 Nc6 11. Ng5 h6 12. Nf3 Na5 13. Qb4 Bf5 14. Nd2 Rc8 15.
Nb3 b6 16. Nxa5 bxa5 17. Qa3 Rc4 18. Bd2 a4 19. Rfe1 Qd7 20. e4 dxe4 21. Bxe4
Bxe4 22. Rxe4 e5 23. Ree1 Rb8 24. Rad1 exd4 25. Bf4 Rb7 26. cxd4 Rxd4 27. Rxd4
Qxd4 28. Qc1 Kh7 29. Rd1 Qe4 30. Re1 Qd5 31. Qa3 Rb2 32. Qxa4 Rxa2 33. Rd1
Qxd1+ 34. Qxd1 Ra1 35. Qf1 Rxf1+ 36. Kxf1 a5 37. Ke2 a4 38. Kd3 a3 0-1

[Event "Open Ricany 2013"]
[Site "Turnaj A"]
[Date "2013.08.29"]
[Round "7.28"]
[White "Trocha Vojtech"]
[Black "Hanl Frantisek"]
[Result "0-1"]
[WhiteElo "1724"]
[BlackElo "1964"]
[PlyCount "64"]
[EventDate "2013.??.??"]

1. e4 e6 2. d4 d5 3. e5 c5 4. c3 Nc6 5. Nf3 Qb6 6. a3 Bd7 7. b4 cxd4 8. cxd4
Rc8 9. Be3 Nge7 10. Be2 Nf5 11. O-O Be7 12. g4 Nxe3 13. fxe3 O-O 14. Nbd2 f6
15. exf6 Bxf6 16. Nb3 e5 17. h3 e4 18. Ne1 Bh4 19. Ng2 Bg3 20. Nc5 Qc7 21. Kh1
Rxf1+ 22. Bxf1 Bf2 23. Nf4 Ne7 24. Qb3 Kh8 25. Nxd5 Nxd5 26. Qxd5 Bc6 27. Qg5
Qg3 28. Bg2 Bxe3 29. Qf5 Rg8 30. Ne6 Bd7 31. d5 Bd4 32. Rd1 Be5 0-1